| 000 | 00586nam a2200229Ia 4500 | ||
|---|---|---|---|
| 008 | 140626s9999 xx 000 0 und d | ||
| 100 | _aBirmingham. | ||
| 245 |
_aMobile gaming and the Zune / _cBirmingham. |
||
| 260 | _cc2011. | ||
| 300 | _a2 : 2, page 6 | ||
| 440 | _aComputers in Education Journal | ||
| 521 | _aIT | ||
| 650 | _a2D/3D games. | ||
| 650 | _aGame classes. | ||
| 650 | _aGui. | ||
| 650 | _aMobile gaming. | ||
| 650 | _aNetwork gaming. | ||
| 650 | _aObject-oriented programming. | ||
| 650 | _aSoftware engineering. | ||
| 650 | _aThe zune. | ||
| 942 | _cSE | ||
| 999 |
_c120905 _d120905 |
||